|
|
|
|
| LEADER |
00000nas a2200000 a 4500 |
| 001 |
vtls012265997 |
| 003 |
SK-MaSNL |
| 005 |
20260228155836.0 |
| 008 |
241024d18531863hu cr0p 0 0hun |
| 015 |
|
|
|a SNBHFB
|
| 040 |
|
|
|a SNKHF
|b slo
|c SNKHF
|e rda
|
| 041 |
0 |
|
|a hun
|
| 044 |
|
|
|a hu
|c HU
|
| 072 |
|
7 |
|a 00
|x Veda. Všeobecnosti. Základy vedy a kultúry. Vedecká práca
|2 konspekt
|
| 072 |
|
7 |
|a 82
|x Literatúra. Literárny život
|2 konspekt
|
| 072 |
|
7 |
|a 7.01/.09
|x Umenie
|2 konspekt
|
| 072 |
|
7 |
|a 391
|x Odev, móda, ozdoby
|2 konspekt
|
| 080 |
|
|
|a 001
|2 2011
|
| 080 |
|
|
|a 82
|2 2011
|
| 080 |
|
|
|a 7.01/.09
|2 2011
|
| 080 |
|
|
|a 391
|2 2011
|
| 080 |
|
|
|a (051)-048.55
|2 2011
|
| 245 |
0 |
0 |
|a Divatcsarnok
|b Tudományos, Szépirodalmi, Művészeti És Divatközlöny
|
| 264 |
|
3 |
|a Pest
|b Müller Emil Könyvnyomdája
|c 1853-1855
|
| 264 |
|
1 |
|3 1855-[1863?]
|a Pest
|b Szerkeszti És Kiadja Császár Ferencz
|
| 264 |
|
3 |
|3 1856-[1863?]
|a Pest
|b Beimel J. és Kozma Vazul Könyvnyomdája
|
| 300 |
|
|
|c 29 cm
|
| 310 |
|
|
|a 2x týždenne
|
| 336 |
|
|
|a text
|b txt
|2 rdacontent
|
| 337 |
|
|
|a bez média
|b n
|2 rdamedia
|
| 338 |
|
|
|a zväzok
|b nc
|2 rdacarrier
|
| 362 |
0 |
|
|a [1 (1853)-11 (1863)]
|z OSzK/2024
|
| 500 |
|
|
|a Editor: 1/1853-, Császár Ferencz
|
| 500 |
|
|
|a Typografické ozdoby
|
| 500 |
|
|
|a Ozdobné iniciály
|
| 561 |
|
|
|a Proveniencia: pečiatka Dr. E. Kadarász - ver. not. poz. Margity Zayovej Čís.14743-14799.
|5 SNK ČB 5843/1853
|
| 561 |
|
|
|a Proveniencia: pečiatka Dr. E. Kadarász - ver. not. poz. Margity Zayovej Čís.14800-14869.
|5 SNK ČB 5843/1854
|
| 561 |
|
|
|a Proveniencia: pečiatka Dr. E. Kadarász - ver. not. poz. Margity Zayovej Čís.14870-14939.
|5 SNK ČB 5843/1855
|
| 561 |
|
|
|a Proveniencia: pečiatka Dr. E. Kadarász - ver. not. poz. Margity Zayovej Čís.14940-14955.
|5 SNK ČB 5843/1856
|
| 588 |
|
|
|a Popis podľa: Číslo 2 (1853)
|
| 650 |
0 |
7 |
|a veda
|2 SNKPH
|9 1599
|
| 650 |
0 |
7 |
|a literatúra
|2 SNKPH
|9 1427
|
| 650 |
0 |
7 |
|a umenie
|2 SNKPH
|9 1060
|
| 650 |
0 |
7 |
|a móda
|2 SNKPH
|9 19682
|
| 655 |
|
7 |
|a špecializované časopisy
|2 SNKPH
|9 70509
|
| 700 |
1 |
|
|a Müller, Emil
|4 prt
|9 265437
|
| 700 |
1 |
|
|a Császár, Ferencz
|4 edt
|4 pbl
|9 265438
|
| 700 |
1 |
|
|a Beimel, József,
|d 1789-asi 1856
|4 prt
|9 50405
|
| 700 |
1 |
|
|a Kozma, Vazul
|4 prt
|9 265439
|
| 710 |
2 |
|
|a Maďarsko
|d Budapešť
|9 71035
|
| 852 |
|
|
|a snk
|b Zaiova knižnica: Zay 17188- 17242
|p ČB 5843/1853
|
| 852 |
|
|
|a snk
|b Zaiova knižnica: Zay 17243- 17312
|p ČB 5843/1854
|
| 852 |
|
|
|a snk
|b Zaiova knižnica: Zay 17313-17382
|p ČB 5843/1855
|
| 852 |
|
|
|a snk
|b Zaiova knižnica: Zay 17383-17394
|p ČB 5843/1856
|
| 958 |
|
|
|a DF
|
| 999 |
|
|
|c 723
|d 723
|
| 952 |
|
|
|0 0
|1 0
|4 0
|7 0
|8 5
|a SNK
|b SNK
|c SNK_HF
|d 2024-10-24
|i snk2024/16453
|l 0
|o snkČB 5843/1853
|p 17A1488025
|r 2026-02-21 22:34:00
|t Zay 17188-17242
|w 2026-02-21
|y PREZ
|
| 952 |
|
|
|0 0
|1 0
|4 0
|7 0
|8 5
|a SNK
|b SNK
|c SNK_HF
|d 2024-10-24
|i snk2024/16455
|l 0
|o snkČB 5483/1854
|p 17A1488026
|r 2026-02-21 22:34:00
|t Zay 17243-17312
|w 2026-02-21
|y PREZ
|
| 952 |
|
|
|0 0
|1 0
|4 0
|7 0
|8 5
|a SNK
|b SNK
|c SNK_HF
|d 2024-10-24
|i snk2024/16456
|l 0
|o snkČB 5843/1855
|p 17A1488027
|r 2026-02-21 22:34:00
|t Zay 17313-17382
|w 2026-02-21
|y PREZ
|
| 952 |
|
|
|0 0
|1 0
|4 0
|7 0
|8 5
|a SNK
|b SNK
|c SNK_HF
|d 2024-10-24
|i snk2024/16457
|l 0
|o snkČB 5843/1856
|p 17A1488028
|r 2026-02-21 22:34:01
|t Zay 17383-17394
|w 2026-02-21
|y PREZ
|